00444nam a2200145Ia 4500003000400000005001700004008004100021020001500062050002700077100001800104245010700122260003500229300002800264440000600292OSt20140321095357.0140130s9999 xx 000 0 und d a0439465966 aLB 1525.55b.On58 2004 aOnish, Liane  cLiane Onish.aSight words : b15 fun & easy reproducible games that build fundamental reading skills / bScholastic,c2004.aNew York : a48 p. :bill. ;c26 cm. v1